000 00264nam a2200109Ia 4500
008 190216s9999||||xx |||||||||||||| ||und||
100 _aGupta R K
245 0 _aPrinciples And Practice Of Management Accounting
260 _bNull
_c1979
300 _a598p
942 _cBK
999 _c4635
_d4635